书目信息 |
| 题名: |
没有日记的罗敷河
|
|
| 作者: | 叶广芩 著 | |
| 分册: | ||
| 出版信息: | 长春 吉林人民出版社 1998.10 |
|
| 页数: | 239页 | |
| 开本: | 32开 | |
| 丛书名: | ||
| 单 册: | ||
| 中图分类: | I251 | |
| 科图分类: | ||
| 主题词: | 报告文学--中国 , 传记文学--中国 | |
| 电子资源: | ||
| ISBN: | 7-206-03070-X | |
| 000 | 00576nam0 2200205 45 | |
| 001 | 0102140914 | |
| 005 | 20010214094849.2 | |
| 010 | @a7-206-03070-X@d14.00元 | |
| 100 | @a20010214d1998 km y0chiy0120 ea | |
| 101 | 0 | @achi |
| 105 | @a z 000yy | |
| 200 | 1 | @a没有日记的罗敷河@AMei You Ri Ji De Luo Fu He@f叶广芩著@FYe Guang Qin Zhu |
| 210 | @a长春@c吉林人民出版社@d1998.10 | |
| 215 | @a239页@d32开 | |
| 606 | 0 | @a报告文学@x中国 |
| 606 | 0 | @a传记文学@x中国 |
| 690 | @aI251@v3 | |
| 701 | 0 | @a叶广芩@4著 |
| 801 | @aCN@bPftUser@c20010214 | |
| 905 | @b321960-964@dI251@eY111@f5 | |
| 没有日记的罗敷河/叶广芩著.-长春:吉林人民出版社,1998.10 |
| 239页;32开 |
| ISBN 7-206-03070-X:14.00元 |
| ● |
| 相关链接 |
|
|
|
正题名:没有日记的罗敷河
索取号:I251/Y111
 
预约/预借
| 序号 | 登录号 | 条形码 | 馆藏地/架位号 | 状态 | 备注 |
| 1 | 321960 | 203219604 | 文学库108/108文学库 66排10列4层/ [索取号:I251/Y111] | 在馆 | |
| 2 | 321961 | 203219613 | 文学库108/108文学库 66排10列4层/ [索取号:I251/Y111] | 在馆 | |
| 3 | 321962 | 203219622 | 文学库108/108文学库 66排2列4层/ [索取号:I251/Y111] | 在馆 | |
| 4 | 321963 | 203219631 | 文学库108/108文学库 66排2列4层/ [索取号:I251/Y111] | 在馆 | |
| 5 | 321964 | 203219640 | 文学库108/108文学库 66排10列4层/ [索取号:I251/Y111] | 在馆 |